[Event "Graz op"]
[Site "Graz"]
[Date "2002.??.??"]
[Round "4"]
[White "Deutschmann, Robert Peter"]
[Black "Huber, Adolf"]
[Result "0-1"]
[WhiteElo "2031"]
[BlackElo "2047"]
[PlyCount "134"]
[EventDate "2002.??.??"]
[EventType "swiss"]
[EventRounds "9"]
[EventCountry "AUT"]
[SourceTitle "EXT 2003"]
[Source "ChessBase"]
[SourceDate "2002.11.25"]
[SourceVersion "1"]
[SourceVersionDate "2002.11.25"]
[SourceQuality "1"]

1. d4 d5 2. c4 e6 3. Nc3 Nf6 4. Bg5 Be7 5. e3 Nbd7 6. Nf3 0-0 7. Rc1 c6 8. Bd3 h6 9. Bh4 Nh5 10. Bxe7 Qxe7 11. 0-0 Rd8 12. Qb3 Nhf6 13. e4 dxe4 14. Nxe4 Nxe4 15. Bxe4 Nf6 16. Bb1 a5 17. a3 a4 18. Qe3 Qd6 19. Rfd1 Bd7 20. Ne5 Be8 21. Bc2 b5 22. c5 Qc7 23. g4 Qe7 24. Qg3 Rd5 25. Qf4 Rdd8 26. Kh1 Nd5 27. Qe4 Nf6 28. Qd3 g6 29. Rg1 Nd5 30. Qe4 Qg5 31. Rcd1 Qf4 32. Qe2 Qg5 33. Nd3 Nf4 34. Nxf4 Qxf4 35. Qe3 Qxe3 36. fxe3 Kf8 37. g5 hxg5 38. Rxg5 Rd5 39. Rxd5 exd5 40. e4 dxe4 41. Bxe4 Rc8 42. Kg2 Bd7 43. Kg3 Re8 44. Bf3 Rc8 45. Re1 Rb8 46. d5 cxd5 47. Bxd5 Rc8 48. Rc1 Bc6 49. Bxc6 Rxc6 50. Kf4 Ke7 51. Ke5 Re6+ 52. Kd5 Kd7 53. Rc2 Rf6 54. Re2 Rf5+ 55. Kd4 Kc6 56. Re7 Rd5+ 57. Ke3 Rh5 58. Rxf7 Rxh2 59. Kd4 Rh4+ 60. Ke5 Rc4 61. Rf2 Kxc5 62. Rg2 Rc1 63. Rg4 Rc2 64. Rb4 Rc4 65. Kf6 Rxb4 66. axb4+ Kxb4 67. Kxg6 Kb3 0-1

[Event "Frohnleiten op"]
[Site "Frohnleiten"]
[Date "2000.??.??"]
[Round "?"]
[White "Dohr, Alexander"]
[Black "Deutschmann, Robert Peter"]
[Result "0-1"]
[WhiteElo "2198"]
[BlackElo "2028"]
[PlyCount "80"]
[EventDate "2000.??.??"]
[EventType "swiss"]
[EventRounds "9"]
[EventCountry "AUT"]
[SourceTitle "EXT 2002"]
[Source "ChessBase"]
[SourceDate "2001.11.25"]
[SourceVersion "1"]
[SourceVersionDate "2001.11.25"]
[SourceQuality "1"]

1. e4 c5 2. Nf3 Nc6 3. Bb5 g6 4. 0-0 Bg7 5. Nc3 e5 6. d3 Nge7 7. Bg5 h6 8. Bd2 a6 9. Ba4 b5 10. Bb3 Na5 11. Qc1 Nxb3 12. axb3 Bb7 13. Ne2 Nc6 14. Ng3 d5 15. Re1 dxe4 16. Nxe4 Qe7 17. Be3 Nd4 18. Nxd4 Bxe4 19. Ne6 Qxe6 20. dxe4 Qc6 21. f3 Rd8 22. Ra5 c4 23. bxc4 Qxc4 24. Rxa6 0-0 25. Ra3 h5 26. Rc3 Qe6 27. Rc5 Qd7 28. Rd5 Qb7 29. Red1 Bf6 30. Qd2 Qc6 31. Qe2 Rxd5 32. Rxd5 Rc8 33. c3 Qc4 34. Kf2 Rc7 35. Rxb5 Qa2 36. Rb6 Be7 37. Rb5 Bf6 38. Bc1 Rd7 39. Rb8+ Bd8 40. Bg5 Qa7+ 0-1

[Event "Jacques Lemans op 19th"]
[Site "St Veit"]
[Date "2000.??.??"]
[Round "2"]
[White "Kaspret, Guido"]
[Black "Deutschmann, Robert Peter"]
[Result "1-0"]
[WhiteElo "2340"]
[BlackElo "2028"]
[PlyCount "69"]
[EventDate "2000.07.??"]
[EventType "swiss"]
[EventRounds "9"]
[EventCountry "AUT"]
[SourceTitle "EXT 2001"]
[Source "ChessBase"]
[SourceDate "2000.11.22"]
[SourceVersion "1"]
[SourceVersionDate "2000.11.22"]
[SourceQuality "1"]

1. c4 Nf6 2. Nc3 g6 3. e4 d6 4. d4 Bg7 5. Nf3 0-0 6. Be2 e5 7. 0-0 Nc6 8. d5 Ne7 9. Ne1 Ne8 10. f4 exf4 11. Bxf4 h6 12. g4 g5 13. Bg3 Ng6 14. Nd3 Bd4+ 15. Kg2 f6 16. Qd2 c5 17. Nd1 b5 18. cxb5 a6 19. bxa6 Nc7 20. Nb4 Ne7 21. Nc2 Be5 22. Bxe5 fxe5 23. Rxf8+ Qxf8 24. Nf2 Ng6 25. Nh3 Nf4+ 26. Nxf4 gxf4 27. b4 cxb4 28. Nxb4 Qg7 29. Kh1 Kh8 30. Qc3 Qf7 31. Rg1 Kh7 32. g5 hxg5 33. Rxg5 f3 34. Bxf3 Qf4 35. Qxc7+ 1-0